| Tag |
First Indicator |
Second Indicator |
Subfields |
| LEADER |
00000cam a2200000 a 4500 |
| 001 |
in00000031251 |
| 005 |
20151007060343.0 |
| 008 |
870327s1987 inua b 00110 eng |
| 010 |
|
|
|a 87061014
|
| 020 |
|
|
|a 0672465833 :
|c $29.95
|
| 035 |
|
|
|a (OCoLC)16767642
|
| 035 |
|
|
|9 AAC0644AM
|
| 040 |
|
|
|a DLC
|c DLC
|d TXA
|d UtOrBLW
|
| 049 |
|
|
|a TXAM
|c [A11672906]
|
| 050 |
0 |
0 |
|a TK5105.5
|b .M353 1987
|
| 082 |
0 |
|
|a 004.6
|2 19
|
| 100 |
1 |
|
|a Madron, Thomas William,
|d 1937-
|
| 245 |
1 |
0 |
|a Micro-mainframe connection /
|c Thomas Wm. Madron ; [illustrator, David Cripe ; indexer, Ted Laux].
|
| 250 |
|
|
|a 1st ed.
|
| 264 |
|
1 |
|a Indianapolis, Ind. :
|b H.W. Sams,
|c [1987]
|
| 264 |
|
4 |
|c ©1987
|
| 300 |
|
|
|a x, 260 pages :
|b illustrations ;
|c 26 cm.
|
| 336 |
|
|
|a text
|b txt
|2 rdacontent
|
| 337 |
|
|
|a unmediated
|b n
|2 rdamedia
|
| 338 |
|
|
|a volume
|b nc
|2 rdacarrier
|
| 504 |
|
|
|a Includes bibliographies and index.
|
| 650 |
|
0 |
|a Computer networks.
|
| 650 |
|
0 |
|a Local area networks (Computer networks)
|
| 999 |
|
|
|a MARS
|
| 999 |
f |
f |
|s 90946382-4a4b-3813-8e2c-1287c16c23c6
|i b1ee675c-7462-3739-8b26-493b194dfd97
|t 0
|
| 952 |
f |
f |
|p ric
|a Texas A&M University
|b Rellis Campus
|c Joint Library Facility
|d Remote Storage
|t 0
|e TK5105.5 .M353 1987
|h Library of Congress classification
|i unmediated -- volume
|m A14811672906
|
| 998 |
f |
f |
|a TK5105.5 .M353 1987
|t 0
|l Remote Storage
|